Score 0/30 Timer 10:00
2 Plays Today
Information Character % Correct
Care of Magical Creatures teacher before HagridSilvanus Kettleburn
53.3%
Lavender Brown's pet rabbitBinky
49.7%
Wife of a famous alchemistPerenelle Flamel
47.4%
The Quibbler claimed he is the same person as Sirius BlackStubby Boardman
41.3%
Aragog's wifeMosag
40%
Vampire; Eldred Worple brings him to Slughorn's partySanguini
34.7%
Employee at Weasley's Wizard WheezesVerity
28.1%
Muggle weathermanJim McGuffin
25.5%
Ludo Bagman's brotherOtto Bagman
23.1%
Seeker of Slytherin Quidditch teamTerence Higgs
22.3%
A 'Mad Muggle' featured in a Wizarding comic bookMartin Miggs
21.5%
Nearly lost an eye to the Whomping WillowDavey Gudgeon
20.8%
Attended Nearly Headless Nick's Deathday Party all the way from KentWailing Widow
20.6%
Author of 'Unfogging the Future'Cassandra Vablatsky
19.2%
Inventor of the Golden SnitchBowman Wright
19.2%
Information Character % Correct
Friend of Lily Evans at Hogwarts; harassed by MulciberMary Macdonald
19.2%
Informs Umbridge of the Dumbledore's Army meeting in the Hog's HeadWilly Widdershins
18.3%
Hogwarts caretaker before FilchApollyon Pringle
18%
Wizard who inspects Harry's wand at the MinistryEric Munch
16.5%
Healer in Mr. Weasley's ward at St. Mungo'sHippocrates Smethwyck
16.3%
Goblin who Griphook claims forged Gryffindor's swordRagnuk the First
15.1%
Unspeakable at the Quidditch World Cup (not Broderick Bode)Croaker
15%
Tom Riddle killed his rabbit at the orphanageBilly Stubbs
13.2%
Author of 'Curses and Counter-curses'Vindictus Viridian
11.1%
Owner of HoneydukesAmbrosius Flume
11%
Keeper for Bulgarian National Quidditch teamZograf
10.2%
Fan of Gilderoy Lockhart's; Harry spills ink on her addressVeronica Smethley
10%
Muggle at the Diggory's campsiteMr. Payne
10%
Believed the time was ripe for a cheese cauldronHumphrey Belcher
8.9%
Reporter who interviewed Rita Skeeter for the Daily ProphetBetty Braithwaite
6.7%
Remove Ads.
Support Sporcle.
Get the best of Sporcle when you Go Orange. This ad-free experience offers more features, more stats, and more fun while also helping to support Sporcle. Thank you for becoming a member.

You're not logged in!

Compare scores with friends on all Sporcle quizzes.
OR
Log In

Show Comments

Extras

Top Quizzes Today


Score Distribution

Your Account Isn't Verified!

In order to create a playlist on Sporcle, you need to verify the email address you used during registration. Go to your Sporcle Settings to finish the process.

Report this User

Report this user for behavior that violates our Community Guidelines.

Details: